| 000 | 00497nam a22001457a 4500 | ||
|---|---|---|---|
| 082 | _a004 | ||
| 100 | _aAhmad, Farhan | ||
| 245 |
_aElliptic Curve based Signcryption and its Multiple Recipient Scheme for Firewall Implementation / _cFarhan Ahmad |
||
| 260 |
_aIslamabad : _bMCS - NUST, _c2011. |
||
| 300 |
_a89 p. ; _c30cm. |
||
| 650 |
_aInformation Technology-MS-Thesis _916355 |
||
| 700 |
_aDr. Mehreen Afzal _921569 |
||
| 942 |
_2ddc _cTHE |
||
| 999 |
_c540853 _d540853 |
||